Fun in History The Representation of Early American History in Video Games /
Elmentve itt :
| Szerző: | |
|---|---|
| További közreműködők: | |
| Dokumentumtípus: | Szakdolgozat |
| Megjelent: |
2017
|
| Tárgyszavak: | |
| Online Access: | http://diploma.bibl.u-szeged.hu/72130 |
| LEADER | 00584nta a2200157 i 4500 | ||
|---|---|---|---|
| 001 | dipl72130 | ||
| 005 | 20180528082421.0 | ||
| 008 | 180528s2017 hu om 0|| eng d | ||
| 040 | |a SZTE Diploma Repozitórium |b hun | ||
| 041 | |a eng | ||
| 100 | 1 | |a Hős Csongor | |
| 245 | 1 | 0 | |a Fun in History |h [elektronikus dokumentum] : |b The Representation of Early American History in Video Games / |c Csongor Hős |
| 260 | |c 2017 | ||
| 650 | 4 | |a Bölcsészettudományok | |
| 700 | 1 | |a Vajda Zoltán |e ths | |
| 856 | 4 | 0 | |u http://diploma.bibl.u-szeged.hu/id/eprint/72130/1/2016_H%C5%91s_Csongor_ZQPUBI_SZ.pdf |z Dokumentum-elérés |